000 01416cam a2200409 a 4500
001 4474571
003 ARRUPE
005 20160812091959.0
008 910102s1989 miu bd 001 0 eng d
010 _a88038626
020 _a0879074167
035 _a(OCoLC)70309232
035 _a(OCoLC)ocm70309232
035 _a(NNC)4474571
040 _cDCL
041 1 _aeng
_hfre
050 0 _aBX382.5
_b.H3813 1989
090 _aBX382.5
_b.H3813 1989
100 1 _aHausherr, Irénée,
_d1891-1978.
_924903
245 1 0 _aSpiritual direction in the ancient christian east /
_cby Irenee Hausherr ; translated by Anthony P. Gythiel.
260 _aKalamazoo, Mich. :
_bCistercian Publications,
_c1989.
300 _axxxiii, 434 p. ;
_c23 cm.
490 1 _aCistercian studies series ;
_vno. 116
500 _aTranslation of: Direction spirituelle en orient autrefois.
500 _aGlossary: p. 333-344.
500 _aIncludes indexes.
504 _aBibliography: p. 365-399.
610 2 0 _aOrthodox Eastern Church
_xDoctrines.
_916511
610 2 0 _aCatholic Church
_xOriental rites
_xDoctrines.
_924904
650 0 _aSpiritual direction.
_924905
650 0 _aEastern churches
_xDoctrines.
_924099
740 0 _aSpiritual direction in the early Christian East.
830 0 _aCistercian studies series ;
_vno. 116.
_924906
942 _2lcc
_cMONOGRAPH
948 2 _a20111110
_ba
_coc2016
_dMPS
999 _c124951
_d124951